|
|
|
|
| LEADER |
00888nam#a2200277#c#4500 |
| 001 |
UMA-000282 |
| 003 |
UMA |
| 008 |
260428suuuu#### ##########||||#0#spa#d |
| 005 |
20260430 185332 |
| 020 |
# |
# |
|a 9788491134794
|
| 041 |
0 |
|
|a spa
|
| 044 |
# |
# |
|a sp
|
| 082 |
0 |
4 |
|a LABORATORIO DE KINESIOLOGÍA 611.01 NET
|
| 100 |
1 |
# |
|a Netter, Frank W.
|d (1906-1991)
|e Autor
|
| 245 |
0 |
0 |
|a Atlas de anatomía humana: mini-Netter
|c Frank W. Netter
|
| 250 |
# |
# |
|a 7a. edición
|
| 264 |
# |
0 |
|a Barcelona, España
|b Elsevier
|c 2019
|
| 300 |
# |
# |
|b 535 láminas ilustradas; color; 50 imágenes radiológicas + nuevas tablas clínicas
|c 21 x 17 cm
|
| 336 |
# |
# |
|a texto
|b txt
|2 rdacontent
|
| 337 |
# |
# |
|a no mediado
|b n
|2 rdamedia
|
| 338 |
# |
# |
|a volumen
|b nc
|2 rdacarrier
|
| 500 |
# |
# |
|a LABORATORIO DE KINESIOLOGÍA
|
| 650 |
# |
0 |
|a Anatomía
|
| 650 |
# |
0 |
|a Anatomía humana
|
| 650 |
# |
0 |
|a Laboratorio de kinesiología
|
| 650 |
# |
0 |
|a Mini-Netter
|